| 000 | 00407nam a2200157Ia 4500 | ||
|---|---|---|---|
| 008 | 210716s2004 xx 000 0 und d | ||
| 020 | _a0195667573 | ||
| 041 | _aeng | ||
| 082 | _a658.56 BEDK | ||
| 100 | _aBedi, Kanishka. | ||
| 245 | _aProduction and operations management. | ||
| 250 | _a1 | ||
| 260 |
_aNew York _bOxford University Press _c2004 |
||
| 300 | _axii,535 | ||
| 650 | _aOperations Management | ||
| 999 |
_c203417 _d203417 |
||